Bradley Cooper Movies - Statistics

General Stats
  • This quiz has been taken 28 times
  • The average score is 8 of 17
Answer Stats
Release Year Costars Movie % Correct
2009 Zach Galifianakis, Ken Jeong The Hangover
84%
2014 Chris Pratt, Zoe Saldana Guardians of the Galaxy
80%
2018 Lady Gaga, Sam Elliott A Star Is Born
76%
2012 Jennifer Lawrence, Jacki Weaver Silver Linings Playbook
72%
2013 Christian Bale, Amy Adams American Hustle
68%
2005 Vince Vaughn, Owen Wilson Wedding Crashers
64%
2015 Jennifer Lawrence, Robert De Niro Joy
44%
2015 Emma Stone, Bill Murray Aloha
36%
2018 Clint Eastwood, Michael Pena The Mule
36%
2014 Sienna Miller, Kyle Gallner American Sniper
32%
2021 Cate Blanchett, Willem Dafoe Nightmare Alley
32%
2011 Robert De Niro, Abbie Cornish Limitless
28%
2010 Liam Neeson, Jessica Biel The A-Team
28%
2016 Jonah Hill, Ana de Armas War Dogs
28%
2008 Jim Carrey, Zooey Deschanel Yes Man
24%
2021 Sean Penn, Benny Safdie Licorice Pizza
16%
2008 Vinnie Jones, Leslie Bibb The Midnight Meat Train
4%
No matching quizzes found
Score Distribution
Percent of People with Each Score
Percentile by Number Answered
Your Score History
You have not taken this quiz